South American Capitals by Images - Statistics

General Stats
  • This quiz has been taken 6 times
  • The average score is 11 of 13
Answer Stats
Picture Answer % Correct
Asunción
100%
Brasília
100%
Buenos Aires
100%
Georgetown
100%
La Paz
100%
Santiago
100%
Bogotá
80%
Caracas
80%
Montevideo
80%
Paramaribo
80%
Quito
80%
Lima
60%
Sucre
60%
No matching quizzes found
Score Distribution
Percent of People with Each Score
Percentile by Number Answered
Your Score History
You have not taken this quiz